| 000 -LEADER |
| fixed length control field |
00626nam a22001337a 4500 |
| 040 ## - CATALOGING SOURCE |
| Transcribing agency |
rua |
| 082 ## - DEWEY DECIMAL CLASSIFICATION NUMBER |
| Classification number |
AGR MOE 2022 B1-570 Or. |
| 100 ## - MAIN ENTRY--AUTHOR NAME |
| Personal name |
MOEURN SRUOCH,មឿន ស្រួច |
| 245 ## - TITLE STATEMENT |
| Title |
COMPARE OF PLASTIC AND ORGANIC MULCHING ON RADISH (Raphanus sativus var longipinnatus),ប្រៀបធៀបគម្របប្លាស្ទិច និងគម្របសរីរាង្គនៅលើដំណាំឆៃថាវ |
| 260 ## - PUBLICATION, DISTRIBUTION, ETC. (IMPRINT) |
| Place of publication |
phnom penh |
| Name of publisher |
rua |
| Year of publication |
2022 |
| 300 ## - PHYSICAL DESCRIPTION |
| Number of Pages |
xi.46p. |
| Other physical details |
ill. |
| Dimensions |
29cm. |
| 856 ## - ELECTRONIC LOCATION AND ACCESS |
| Uniform Resource Identifier |
https://drive.google.com/file/d/1OuqLvsEU_N7enN89mBj_TM7vpmd0bzp1/view?usp=sharing |
| 942 ## - ADDED ENTRY ELEMENTS (KOHA) |
| Koha item type |
AGR |
| 952 ## - LOCATION AND ITEM INFORMATION (KOHA) |
| Withdrawn status [LOCAL, KOHA] |
0 |